[Event "11th Philadelphia International"]
[Site "Philadelphia, PA"]
[Date "2017.06.26"]
[Round "5.17"]
[White "Mujumdar, Sameer"]
[Black "Wheeler, Cameron"]
[Result "1/2-1/2"]
[WhiteElo "2089"]
[BlackElo "2407"]
[PlyCount "100"]
[EventDate "2017.06.??"]
[EventType "swiss"]
[EventRounds "9"]
[EventCountry "USA"]

1. e4 e6 2. d4 d5 3. e5 c5 4. c3 Qb6 5. Nf3 Bd7 6. a4 Nc6 7. Be2 cxd4 8. cxd4
Nge7 9. Na3 Nf5 10. Nc2 Bb4+ 11. Kf1 Be7 12. h4 h5 13. g3 Rc8 14. Kg2 Na5 15.
b4 Nb3 16. Ra2 Nxc1 17. Qxc1 Bxb4 18. Bd3 Be7 19. Bxf5 exf5 20. Qe3 O-O 21.
Nce1 Qb1 22. Re2 Rc1 23. Nd2 Qb6 24. Nd3 Rxh1 25. Kxh1 g6 26. Qh6 Re8 27. Nf3
Qb1+ 28. Nde1 Bf8 29. Qf4 Rc8 30. Kg2 Qc1 31. Nd2 Be6 32. Nef3 Qd1 33. Re1 Qxa4
34. Ng5 Bh6 35. Ndf3 Qc2 36. Ng1 a5 37. Re2 Qd1 38. Rd2 Qb3 39. f3 a4 40. g4
fxg4 41. fxg4 Bf5 42. gxf5 Bxg5 43. Qxg5 Qb1 44. e6 Qxf5 45. exf7+ Qxf7 46. Rf2
Qe6 47. Kh2 Qe4 48. Qf6 Rc2 49. Qf8+ Kh7 50. Qf7+ Kh8 1/2-1/2

[Event "11th Philadelphia International"]
[Site "Philadelphia, PA"]
[Date "2017.06.26"]
[Round "5.18"]
[White "Eswaran, Ashritha"]
[Black "Grabinsky, Aaron"]
[Result "1/2-1/2"]
[WhiteElo "2086"]
[BlackElo "2338"]
[PlyCount "127"]
[EventDate "2017.06.??"]
[EventType "swiss"]
[EventRounds "9"]
[EventCountry "USA"]

1. e4 e6 2. d4 d5 3. Nc3 Nc6 4. e5 Nge7 5. Nf3 Nf5 6. h4 h5 7. Bg5 Be7 8. Qd2
a6 9. g3 b6 10. Bh3 Bb7 11. O-O-O Qd7 12. Bxf5 exf5 13. Rhe1 O-O-O 14. Bxe7
Qxe7 15. Ne2 Rde8 16. Nf4 Nd8 17. Ng5 Rh6 18. Re3 Ne6 19. Rc3 Kb8 20. Nfxe6
fxe6 21. Qf4 Rc8 22. Kb1 Rhh8 23. f3 Ka7 24. Rcd3 c5 25. dxc5 bxc5 26. c4 Rhd8
27. Qe3 d4 28. Qd2 Rc6 29. Ka1 Rb6 30. Nh3 Rb8 31. Nf4 g5 32. Nxh5 gxh4 33.
gxh4 Qxh4 34. Nf6 Bc6 35. b3 Rb4 36. Rg1 R8b7 37. a3 R4b6 38. Ka2 Ba4 39. Rb1
Qg3 40. Qe2 Qf4 41. Nh5 Qh4 42. Nf6 Qf4 43. Nh5 Qh4 44. Nf6 Qh8 45. f4 Bc6 46.
Rg1 Ba4 47. Rb1 Qb8 48. Qc2 Bc6 49. Rg3 Qh8 50. Rbg1 Qh4 51. Qd2 Ba4 52. bxa4
Rb2+ 53. Qxb2 Rxb2+ 54. Kxb2 Qxf4 55. a5 Qd2+ 56. Ka1 Qxa5 57. Rg7+ Ka8 58.
Rg8+ Ka7 59. R1g7+ Kb6 60. Rb8+ Kc6 61. Rc8+ Kb6 62. Rb8+ Kc6 63. Rc8+ Kb6 64.
Rb8+ 1/2-1/2

[Event "11th Philadelphia International"]
[Site "Philadelphia, PA"]
[Date "2017.06.26"]
[Round "5.20"]
[White "Macaspac, Arthur"]
[Black "Niemann, Hans"]
[Result "0-1"]
[WhiteElo "2059"]
[BlackElo "2282"]
[PlyCount "120"]
[EventDate "2017.06.??"]
[EventType "swiss"]
[EventRounds "9"]
[EventCountry "USA"]

1. e4 e6 2. Qe2 c5 3. Nf3 Nc6 4. g3 g6 5. Bg2 Bg7 6. c3 Nge7 7. O-O O-O 8. Rd1
d5 9. d3 e5 10. a3 a5 11. a4 h6 12. Na3 Re8 13. Nd2 Be6 14. Nb5 d4 15. cxd4
Nxd4 16. Nxd4 Qxd4 17. Nc4 Qd8 18. Be3 b6 19. f4 Nc6 20. Nxe5 Nxe5 21. fxe5 Qc7
22. d4 cxd4 23. Rac1 Qe7 24. Bxd4 Qb4 25. Qb5 Bb3 26. Qxb4 axb4 27. Rd3 Bxa4
28. Bxb6 Bxe5 29. b3 Bb5 30. Rd5 Ba6 31. Bd4 Bxd4+ 32. Rxd4 Rab8 33. Bf1 Re6
34. Bc4 Rc8 35. Kf2 Kf8 36. Bxe6 Rxc1 37. Bd5 Rc2+ 38. Kg1 Rc1+ 39. Kg2 Rc2+
40. Kf3 Rxh2 41. Rxb4 g5 42. Rb6 Be2+ 43. Ke3 Bh5 44. Rxh6 Kg7 45. Ra6 Rg2 46.
b4 Rxg3+ 47. Kf2 Rf3+ 48. Kg2 Rd3 49. b5 Bf3+ 50. Kf2 g4 51. Ra1 g3+ 52. Ke1
Rd4 53. b6 Rb4 54. b7 Rb2 55. Kf1 Kh6 56. Bxf7 Rxb7 57. Ra6+ Kg5 58. Rg6+ Kf4
59. Rf6+ Ke3 60. Ba2 Rh7 0-1

[Event "11th Philadelphia International"]
[Site "Philadelphia, PA"]
[Date "2017.06.26"]
[Round "5.21"]
[White "Jirasek, Ladia"]
[Black "Tsogtsaikhan, Saikhanchimeg"]
[Result "1-0"]
[WhiteElo "2271"]
[BlackElo "1970"]
[PlyCount "113"]
[EventDate "2017.06.??"]
[EventType "swiss"]
[EventRounds "9"]
[EventCountry "USA"]

1. e4 c5 2. Nf3 e6 3. d4 cxd4 4. Nxd4 a6 5. Nc3 Qc7 6. Bd3 Nf6 7. O-O b5 8. Qe2
d6 9. a4 b4 10. Na2 d5 11. e5 Ne4 12. Bxe4 dxe4 13. Bf4 Bb7 14. c3 Qb6 15. Rfd1
Nc6 16. Nxc6 Bxc6 17. Nxb4 Bxb4 18. cxb4 O-O 19. Rd6 Qb7 20. Bg5 e3 21. Qxe3
Bxg2 22. Qg3 Be4 23. Rd4 Bg6 24. Rad1 Rac8 25. Qh4 Qc6 26. Be7 Rfe8 27. a5 Qf3
28. Bc5 h6 29. Qg3 Qe2 30. R1d2 Qb5 31. Qe3 Ra8 32. Qe2 Qb7 33. Rd7 Qe4 34.
Qxe4 Bxe4 35. R2d6 Bf3 36. Kf1 Bd5 37. Ke2 Bc4+ 38. Ke3 Bb5 39. Rc7 Rec8 40.
Rxc8+ Rxc8 41. Rb6 Bc4 42. Kd4 Bf1 43. b5 Bxb5 44. Rxb5 axb5 45. a6 f6 46. a7
fxe5+ 47. Kc3 Rxc5+ 48. Kb4 Rc8 49. Kxb5 Kf7 50. b4 Ke7 51. Ka6 Kd6 52. b5 Rc1
53. b6 Ra1+ 54. Kb5 Rb1+ 55. Kc4 Rc1+ 56. Kd3 Ra1 57. b7 1-0

[Event "11th Philadelphia International"]
[Site "Philadelphia, PA"]
[Date "2017.06.26"]
[Round "5.22"]
[White "Guddanti, Harshita"]
[Black "Peng, David"]
[Result "0-1"]
[WhiteElo "2023"]
[BlackElo "2254"]
[PlyCount "72"]
[EventDate "2017.06.??"]
[EventType "swiss"]
[EventRounds "9"]
[EventCountry "USA"]

1. e4 c5 2. Nf3 d6 3. d4 cxd4 4. Nxd4 Nf6 5. Nc3 Nc6 6. Bc4 e6 7. Be3 Be7 8.
Qe2 a6 9. O-O-O Qc7 10. Bb3 b5 11. g4 Na5 12. g5 Nxb3+ 13. axb3 Nd7 14. Nf5 b4
15. Nxe7 bxc3 16. Nxc8 cxb2+ 17. Kb1 Rxc8 18. Bd4 O-O 19. Bxb2 a5 20. Rd4 Nc5
21. h4 a4 22. g6 fxg6 23. h5 gxh5 24. Qxh5 g6 25. Qh3 axb3 26. cxb3 Rxf2 27.
Rc4 Qf7 28. b4 Rb8 29. Qc3 e5 30. Rxc5 dxc5 31. Qxe5 Rxb2+ 32. Kxb2 Rxb4+ 33.
Kc2 Qa2+ 34. Kd3 Rd4+ 35. Ke3 Qd2+ 36. Kf3 Rd3+ 0-1

[Event "11th Philadelphia International"]
[Site "Philadelphia, PA"]
[Date "2017.06.26"]
[Round "5.23"]
[White "Proleiko, Julian"]
[Black "Nguyen, Tan"]
[Result "0-1"]
[WhiteElo "2156"]
[BlackElo "1949"]
[PlyCount "88"]
[EventDate "2017.06.??"]
[EventType "swiss"]
[EventRounds "9"]
[EventCountry "USA"]

1. d4 d6 2. e4 g6 3. Nc3 Bg7 4. Be3 a6 5. f4 b5 6. Bd3 Bb7 7. Nf3 Nd7 8. e5 Nh6
9. Qe2 Nb6 10. a4 b4 11. Ne4 Nd5 12. Bd2 Nf5 13. e6 O-O 14. exf7+ Rxf7 15. Neg5
Rf6 16. O-O Qc8 17. c4 bxc3 18. bxc3 c5 19. c4 Nb4 20. d5 Nxd3 21. Qxd3 h6 22.
Ne4 Rf8 23. Bc3 Qc7 24. Bxg7 Nxg7 25. Nh4 Kh7 26. Ng3 Rf6 27. f5 g5 28. Ng6 Kg8
29. Rae1 Re8 30. Ne4 Rf7 31. f6 exf6 32. Qc3 Qd8 33. Ng3 Rxe1 34. Qxe1 Kh7 35.
Qb1 f5 36. Nxf5 Nxf5 37. Rxf5 Kxg6 38. Rxf7+ Kxf7 39. Qxb7+ Qe7 40. Qb1 Qe3+
41. Kh1 Kf6 42. h3 Ke5 43. Qb2+ Ke4 44. Qf6 Qc1+ 0-1

[Event "11th Philadelphia International"]
[Site "Philadelphia, PA"]
[Date "2017.06.26"]
[Round "5.24"]
[White "Zhu, Evelyn"]
[Black "Virtanen, Teemu"]
[Result "0-1"]
[WhiteElo "1754"]
[BlackElo "2141"]
[PlyCount "64"]
[EventDate "2017.06.??"]
[EventType "swiss"]
[EventRounds "9"]
[EventCountry "USA"]

1. d4 d6 2. c4 e5 3. Nf3 e4 4. Ng5 f5 5. Nc3 Nf6 6. g3 h6 7. Nh3 g5 8. Bg2 Bg7
9. f3 exf3 10. exf3 O-O 11. O-O c5 12. dxc5 dxc5 13. Be3 Qe7 14. Re1 Rd8 15.
Qc2 Be6 16. Nd5 Qf7 17. Bxc5 Nxd5 18. cxd5 Bxd5 19. Rad1 Nc6 20. b3 a5 21. Re2
Rac8 22. Qb1 Ne5 23. Bb6 Nxf3+ 24. Bxf3 Bxf3 25. Rxd8+ Rxd8 26. Bxd8 Bxe2 27.
Bxa5 Bd4+ 28. Nf2 Qd5 29. Qe1 Qf3 30. Bc7 f4 31. a4 h5 32. b4 h4 0-1

[Event "11th Philadelphia International"]
[Site "Philadelphia, PA"]
[Date "2017.06.26"]
[Round "5.25"]
[White "Hu, Pinyi"]
[Black "Guo, Arthur"]
[Result "0-1"]
[WhiteElo "1649"]
[BlackElo "2122"]
[PlyCount "74"]
[EventDate "2017.06.??"]
[EventType "swiss"]
[EventRounds "9"]
[EventCountry "USA"]

1. d4 Nf6 2. c4 e6 3. Nf3 Bb4+ 4. Bd2 Qe7 5. g3 O-O 6. Bg2 Bxd2+ 7. Qxd2 d6 8.
Nc3 e5 9. dxe5 dxe5 10. Nd5 Nxd5 11. cxd5 Nd7 12. e4 Nf6 13. Qc2 Bd7 14. O-O c6
15. Rfe1 Rfe8 16. Rad1 cxd5 17. exd5 Qd6 18. Ng5 g6 19. Rc1 Rac8 20. Qb3 b6 21.
Red1 Rxc1 22. Rxc1 e4 23. Re1 Bf5 24. Qc4 Qc5 25. Qa4 Qxd5 26. Qxa7 h6 27. Nh3
Qd2 28. Rf1 Qxb2 29. Qa4 Qe5 30. Nf4 Rd8 31. Ne2 Rd2 32. Nc1 e3 33. f4 Rxg2+
34. Kxg2 Qb2+ 35. Kf3 Qd2 36. g4 Bxg4+ 37. Kg3 Nh5+ 0-1

[Event "11th Philadelphia International"]
[Site "Philadelphia, PA"]
[Date "2017.06.26"]
[Round "5.26"]
[White "Easton, Jack"]
[Black "Kumar, Nikhil"]
[Result "1/2-1/2"]
[WhiteElo "2098"]
[BlackElo "2367"]
[PlyCount "103"]
[EventDate "2017.06.??"]
[EventType "swiss"]
[EventRounds "9"]
[EventCountry "USA"]

1. d4 d5 2. c4 e6 3. Nc3 Nf6 4. cxd5 Nxd5 5. Nf3 c5 6. e3 cxd4 7. exd4 Nxc3 8.
bxc3 Qc7 9. Bb2 Nd7 10. Rc1 b6 11. Be2 Bb7 12. O-O Bd6 13. h3 Bf4 14. Rc2 Bc6
15. Bc1 Bd6 16. Qd3 Nf6 17. Nd2 O-O 18. Bf3 Nd5 19. Ne4 Ba4 20. Rb2 Ba3 21. Rb1
Be7 22. c4 Nb4 23. Qd2 Qxc4 24. Be2 Qc2 25. Rxb4 Bxb4 26. Qxb4 a5 27. Qa3 Qxe4
28. Bf3 Qxd4 29. Be3 Qb4 30. Qxb4 axb4 31. Bxa8 Rxa8 32. Bxb6 Bc2 33. Bc5 Rxa2
34. Bxb4 h6 35. Rc1 Kh7 36. Bc3 Be4 37. Bd4 Kg6 38. Re1 Bd5 39. Re3 f6 40. Rg3+
Kf7 41. Rc3 g5 42. Rc8 Ra4 43. Bc3 g4 44. Kh2 gxh3 45. Kxh3 e5 46. Kh2 Rg4 47.
f3 Rg5 48. Bd2 Rh5+ 49. Kg3 f5 50. f4 e4 51. Rc1 Ke6 52. Be3 1/2-1/2

[Event "11th Philadelphia International"]
[Site "Philadelphia, PA"]
[Date "2017.06.26"]
[Round "5.27"]
[White "Nguyen, Trung"]
[Black "Norman, Dennis"]
[Result "1-0"]
[WhiteElo "2132"]
[BlackElo "1644"]
[PlyCount "169"]
[EventDate "2017.06.??"]
[EventType "swiss"]
[EventRounds "9"]
[EventCountry "USA"]

1. d4 e6 2. c4 Nf6 3. Nf3 Bb4+ 4. Bd2 Qe7 5. g3 O-O 6. Bg2 Bxd2+ 7. Qxd2 d6 8.
O-O Nbd7 9. Nc3 e5 10. dxe5 dxe5 11. Rfd1 c6 12. Qc2 Re8 13. e3 Nb6 14. b3 Bg4
15. h3 Bxf3 16. Bxf3 Rad8 17. a3 Rxd1+ 18. Qxd1 Rd8 19. Qe2 g6 20. g4 Nbd7 21.
b4 h6 22. Qb2 Qe6 23. c5 b6 24. cxb6 axb6 25. Rd1 Re8 26. Qc2 c5 27. Nb5 Qe7
28. Rd6 e4 29. Bg2 Qe5 30. Qc3 cxb4 31. Qxb4 Qa1+ 32. Bf1 Rc8 33. Qd4 Rc1 34.
Qxa1 Rxa1 35. Kg2 Kf8 36. Be2 Ke7 37. Rd4 Nc5 38. h4 Nfd7 39. h5 gxh5 40. gxh5
f6 41. Nd6 Rxa3 42. Nf5+ Kf8 43. Nxh6 Ra2 44. Bb5 Ne5 45. Nf5 Ncd3 46. Rd8+ Kf7
47. Be8+ Ke6 48. Nd4+ Ke7 49. Rb8 Rxf2+ 50. Kg3 Rf1 51. h6 Kd6 52. h7 Rh1 53.
Nf5+ Kc7 54. Nh4 Rg1+ 55. Ng2 Rh1 56. Ra8 Kb7 57. Nh4 Rg1+ 58. Kh2 Rg4 59. h8=Q
Rxh4+ 60. Qxh4 Nf3+ 61. Kh3 Nxh4 62. Ra1 Nf3 63. Kg4 Nc5 64. Kf5 Ne5 65. Bb5
Kc7 66. Rg1 Kd6 67. Kxf6 Nf3 68. Rd1+ Kc7 69. Kf5 Nh4+ 70. Ke5 Nf3+ 71. Kf4 Nh2
72. Be2 Kc6 73. Kg3 Nf3 74. Bxf3 exf3 75. Kxf3 b5 76. e4 b4 77. Ke3 Kb5 78. Kd4
b3 79. Rc1 Ne6+ 80. Kc3 Nc5 81. e5 Ka4 82. Rb1 Ne4+ 83. Kd3 Nc5+ 84. Kc4 Nd7
85. Ra1# 1-0

[Event "11th Philadelphia International"]
[Site "Philadelphia, PA"]
[Date "2017.06.26"]
[Round "5.28"]
[White "Zhu, Qingyu"]
[Black "De Fotis, Gary"]
[Result "1/2-1/2"]
[WhiteElo "1964"]
[BlackElo "1911"]
[PlyCount "81"]
[EventDate "2017.06.??"]
[EventType "swiss"]
[EventRounds "9"]
[EventCountry "USA"]

1. e4 c5 2. Nc3 d6 3. g3 Nc6 4. Bg2 g6 5. d3 Bg7 6. Be3 Nf6 7. h3 Rb8 8. f4 O-O
9. Nf3 Ne8 10. O-O b5 11. Rb1 b4 12. Ne2 Ba6 13. g4 Nc7 14. Qd2 Nb5 15. f5 Nbd4
16. Nexd4 Nxd4 17. Nxd4 cxd4 18. Bh6 Qc7 19. Rf2 Rb5 20. Rbf1 Qc5 21. Bxg7 Kxg7
22. f6+ exf6 23. Rxf6 Qe5 24. Qf2 Rb7 25. h4 Rc7 26. Qf3 Bc8 27. g5 Be6 28. Rf2
a5 29. Bh3 Bxh3 30. Qxh3 a4 31. Kg2 d5 32. Qg3 Qxg3+ 33. Kxg3 dxe4 34. dxe4 a3
35. bxa3 Rc3+ 36. Kg4 Rxa3 37. Rb6 Rxa2 38. Rxb4 d3 39. Rc4 Rxc2 40. Rcxc2 dxc2
41. Rxc2 1/2-1/2

[Event "11th Philadelphia International"]
[Site "Philadelphia, PA"]
[Date "2017.06.26"]
[Round "5.29"]
[White "Baquero, Luis"]
[Black "Kumar, Prudhvi"]
[Result "0-1"]
[WhiteElo "2222"]
[BlackElo "1707"]
[PlyCount "105"]
[EventDate "2017.06.??"]
[EventType "swiss"]
[EventRounds "9"]
[EventCountry "USA"]

1. d4 Nf6 2. c4 c5 3. d5 b5 4. cxb5 a6 5. bxa6 g6 6. Nc3 Bxa6 7. e4 Bxf1 8.
Kxf1 d6 9. Nf3 Nbd7 10. h3 Bg7 11. Qe2 O-O 12. Bf4 Qa5 13. g4 Rfb8 14. Kg2 Ne8
15. Rhc1 Nc7 16. Rc2 Nb5 17. Nxb5 Qxb5 18. Qxb5 Rxb5 19. Bc1 Ne5 20. Nxe5 Bxe5
21. a3 Rb3 22. Ra2 Ra4 23. f3 Kf8 24. Bd2 Ke8 25. Kf2 e6 26. dxe6 fxe6 27. Ke2
Kd7 28. Bc3 Bxc3 29. Rxc3 Rxc3 30. bxc3 d5 31. exd5 exd5 32. Kd3 Kd6 33. Ke3 g5
34. Ra1 Kc6 35. Ra2 Kb5 36. Kd3 Rf4 37. Rf2 Ka4 38. Ke3 Kxa3 39. Rd2 d4+ 40.
cxd4 c4 41. d5 c3 42. Rd3 Kb2 43. d6 c2 44. Rd2 Kb1 45. Rxc2 Kxc2 46. h4 h6 47.
hxg5 hxg5 48. d7 Rf8 49. Ke4 Rd8 50. Kf5 Rxd7 51. Kxg5 Kd3 52. f4 Ke4 53. f5
0-1

[Event "11th Philadelphia International"]
[Site "Philadelphia, PA"]
[Date "2017.06.26"]
[Round "5.30"]
[White "Bayar, Anu"]
[Black "Lu, Benjamin"]
[Result "1-0"]
[WhiteElo "2041"]
[BlackElo "1746"]
[PlyCount "105"]
[EventDate "2017.06.??"]
[EventType "swiss"]
[EventRounds "9"]
[EventCountry "USA"]

1. d4 d5 2. c4 c6 3. cxd5 cxd5 4. Bf4 Nc6 5. Nc3 Nf6 6. e3 a6 7. Bd3 e6 8. Rc1
Bd6 9. Bxd6 Qxd6 10. f4 O-O 11. Nf3 Bd7 12. O-O Rac8 13. Ne5 Qe7 14. Rf3 Nxe5
15. fxe5 Ng4 16. Rg3 f5 17. h3 Nh6 18. Qh5 Kh8 19. Rf1 Be8 20. Qg5 Qxg5 21.
Rxg5 Bg6 22. Be2 Nf7 23. Rg3 Nd8 24. Rgf3 Nc6 25. g4 Kg8 26. Rf4 h6 27. Bd3 Ne7
28. Na4 fxg4 29. Rxf8+ Rxf8 30. Rxf8+ Kxf8 31. Bxg6 Nxg6 32. hxg4 Kf7 33. Nc5
Ne7 34. Nxb7 Nc6 35. Nc5 a5 36. a3 g6 37. Nd3 Ke7 38. b4 axb4 39. axb4 Na7 40.
Kf2 Nb5 41. Ke2 Nc7 42. Nf4 Kd7 43. Nxg6 Kc6 44. Kd3 Kb5 45. Kc3 Ka4 46. Nh8
Nb5+ 47. Kd3 Kxb4 48. Nf7 Nc7 49. Nxh6 Ne8 50. Ng8 Kb5 51. Nf6 Ng7 52. Nh5 Ne8
53. g5 1-0

[Event "11th Philadelphia International"]
[Site "Philadelphia, PA"]
[Date "2017.06.26"]
[Round "5.31"]
[White "Winkelman, Albert"]
[Black "Viswanathan, Arul"]
[Result "1-0"]
[WhiteElo "2028"]
[BlackElo "1714"]
[PlyCount "29"]
[EventDate "2017.06.??"]
[EventType "swiss"]
[EventRounds "9"]
[EventCountry "USA"]

1. d4 b6 2. e4 Bb7 3. Bd3 e6 4. Nf3 c5 5. c3 Nf6 6. Nbd2 d5 7. Qe2 cxd4 8. Nxd4
dxe4 9. Nxe4 Nxe4 10. Bxe4 Bxe4 11. Qxe4 Nd7 12. Bg5 Nf6 13. Qc6+ Ke7 14. O-O-O
Qd5 15. Nf5+ 1-0

[Event "11th Philadelphia International"]
[Site "Philadelphia, PA"]
[Date "2017.06.26"]
[Round "5.32"]
[White "Goli, Sandhya"]
[Black "Sanjeevi, Bhaskar"]
[Result "1-0"]
[WhiteElo "1873"]
[BlackElo "1583"]
[PlyCount "57"]
[EventDate "2017.06.??"]
[EventType "swiss"]
[EventRounds "9"]
[EventCountry "USA"]

1. e4 e5 2. Nf3 Nc6 3. Bc4 Bc5 4. c3 Nf6 5. d3 O-O 6. b4 Bd6 7. O-O a5 8. b5
Ne7 9. a4 Ng6 10. Re1 c6 11. d4 Bc7 12. bxc6 bxc6 13. Ba2 Re8 14. Nbd2 d5 15.
Qc2 Bg4 16. Ba3 Bxf3 17. gxf3 Nh5 18. exd5 Nhf4 19. Kh1 cxd5 20. Qf5 Nh4 21.
Qg4 Ra6 22. dxe5 Rxe5 23. Rg1 Rg6 24. Qxf4 Re1 25. Qg4 Rxg1+ 26. Rxg1 Rxg4 27.
fxg4 Qg5 28. Re1 g6 29. Re8+ 1-0

[Event "11th Philadelphia International"]
[Site "Philadelphia, PA"]
[Date "2017.06.26"]
[Round "5.34"]
[White "Aravind, Neelakantran"]
[Black "Shepherd, Duncan"]
[Result "0-1"]
[WhiteElo "1351"]
[BlackElo "1785"]
[PlyCount "72"]
[EventDate "2017.06.??"]
[EventType "swiss"]
[EventRounds "9"]
[EventCountry "USA"]

1. Nf3 Nf6 2. g3 d5 3. Bg2 g6 4. O-O Bg7 5. d4 O-O 6. c4 c6 7. b3 Qa5 8. Bb2
Ne4 9. e3 Na6 10. Nfd2 Nxd2 11. Qxd2 Qxd2 12. Nxd2 dxc4 13. Nxc4 Rd8 14. Rfd1
Bg4 15. Rd2 Rd7 16. h3 Be6 17. Rad1 Rad8 18. e4 Nc7 19. f4 f5 20. exf5 Bxf5 21.
Ne5 Bxe5 22. fxe5 Be6 23. Bf1 Bd5 24. Bc4 Ne6 25. Bc3 Ng5 26. Bxd5+ Rxd5 27.
Kg2 Ne4 28. Rd3 Nxc3 29. Rxc3 Rxd4 30. Re1 Rd2+ 31. Kf3 Rxa2 32. h4 Rdd2 33.
Rce3 Kf7 34. g4 Ke6 35. Kf4 h6 36. Kf3 Rd5 0-1

[Event "11th Philadelphia International"]
[Site "Philadelphia, PA"]
[Date "2017.06.26"]
[Round "5.37"]
[White "Wongso, S."]
[Black "Lee, J."]
[Result "1/2-1/2"]
[WhiteElo "1689"]
[BlackElo "1636"]
[PlyCount "72"]
[EventDate "2017.06.??"]
[EventType "swiss"]
[EventRounds "9"]
[EventCountry "USA"]

1. e4 e5 2. Nf3 Nc6 3. Bb5 a6 4. Ba4 Nf6 5. O-O Be7 6. Re1 b5 7. Bb3 O-O 8. d4
Nxd4 9. Nxd4 exd4 10. e5 Ne8 11. Qxd4 c5 12. Qe4 Rb8 13. c4 Bb7 14. Qg4 bxc4
15. Bc2 d5 16. exd6 Nxd6 17. Qh5 g6 18. Qxc5 Rc8 19. Qb4 Re8 20. Bd2 Nb5 21.
Qa4 Bg5 22. Rxe8+ Qxe8 23. Qa5 c3 24. Bxc3 Qc6 25. f3 Be3+ 26. Kf1 Qc4+ 27. Ke1
Re8 28. Qa4 Bg1+ 29. Kd2 Qe2+ 30. Kc1 Be3+ 31. Nd2 Qe1+ 32. Bd1 Rc8 33. Qc2
Bxd2+ 34. Qxd2 Qe5 35. Qd8+ Rxd8 36. Bxe5 Rd5 1/2-1/2

[Event "11th Philadelphia International"]
[Site "Philadelphia, PA"]
[Date "2017.06.27"]
[Round "6.1"]
[White "Perez, Yuniesky"]
[Black "Hernandez, Holden"]
[Result "1-0"]
[WhiteElo "2624"]
[BlackElo "2510"]
[PlyCount "59"]
[EventDate "2017.06.??"]
[EventType "swiss"]
[EventRounds "9"]
[EventCountry "USA"]
[WhiteClock "0:20:06"]
[BlackClock "0:16:27"]

1. e4 c6 2. d4 d5 3. e5 Bf5 4. Nf3 e6 5. Be2 Nd7 6. O-O Bb4 7. c3 Ba5 8. Nbd2
Bc7 9. Re1 Ne7 10. Nh4 O-O 11. Nxf5 Nxf5 12. Bd3 Ne7 13. Qh5 g6 14. Qh3 Kg7 15.
Nf3 h5 16. Bg5 Qe8 17. Nh4 Rh8 18. Qg3 Rh7 19. Bf6+ Kf8 20. Qg5 Bd8 21. Re3
Nxf6 22. exf6 Ng8 23. Rf3 Rh6 24. Re1 Rc8 25. b4 b6 26. a4 Qd7 27. h3 c5 28.
Ba6 Rc7 29. Bb5 Qd6 30. Nf5 1-0

[Event "11th Philadelphia International"]
[Site "Philadelphia, PA"]
[Date "2017.06.27"]
[Round "6.2"]
[White "Barbosa, Oliver"]
[Black "Nyzhnyk, Illia"]
[Result "1/2-1/2"]
[WhiteElo "2511"]
[BlackElo "2612"]
[PlyCount "50"]
[EventDate "2017.06.??"]
[EventType "swiss"]
[EventRounds "9"]
[EventCountry "USA"]
[WhiteClock "1:05:08"]
[BlackClock "0:42:45"]

1. d4 d5 2. c4 e6 3. Nf3 Nf6 4. Nc3 Bb4 5. Qa4+ Nc6 6. e3 O-O 7. Bd2 dxc4 8.
Bxc4 Bd6 9. Rd1 e5 10. d5 Ne7 11. e4 a6 12. Qc2 b5 13. Be2 Bb7 14. O-O h6 15.
Be3 Rc8 16. Qd3 Qe8 17. Nd2 c6 18. dxc6 Qxc6 19. Rc1 Qd7 20. a3 Rfd8 21. Rfd1
Qe6 22. Qb1 Nc6 23. Nf3 Na5 24. Nd2 Nc6 25. Nf3 Na5 1/2-1/2

[Event "11th Philadelphia International"]
[Site "Philadelphia, PA"]
[Date "2017.06.27"]
[Round "6.3"]
[White "Stukopin, Andrey"]
[Black "Nakar, Eylon"]
[Result "0-1"]
[WhiteElo "2577"]
[BlackElo "2476"]
[PlyCount "52"]
[EventDate "2017.06.??"]
[EventType "swiss"]
[EventRounds "9"]
[EventCountry "USA"]
[WhiteClock "0:34:09"]
[BlackClock "0:50:54"]

1. e4 e6 2. d4 d5 3. Nc3 Nf6 4. e5 Nfd7 5. f4 c5 6. Nf3 Be7 7. Be3 O-O 8. Qd2
b6 9. h4 Nc6 10. Bb5 Ndb8 11. O-O-O c4 12. Ne2 a6 13. Bxc6 Nxc6 14. g4 b5 15.
Ng3 b4 16. Kb1 Qa5 17. b3 Na7 18. a4 Nb5 19. Qg2 Bd7 20. Kb2 Rfc8 21. f5 Na3
22. f6 cxb3 23. cxb3 Rc3 24. fxe7 Nc4+ 25. bxc4 Qxa4 26. Kb1 Rb3+ 0-1

[Event "11th Philadelphia International"]
[Site "Philadelphia, PA"]
[Date "2017.06.27"]
[Round "6.4"]
[White "Burke, John"]
[Black "Li, Ruifeng"]
[Result "1-0"]
[WhiteElo "2489"]
[BlackElo "2571"]
[PlyCount "137"]
[EventDate "2017.06.??"]
[EventType "swiss"]
[EventRounds "9"]
[EventCountry "USA"]
[WhiteClock "0:02:12"]
[BlackClock "0:14:52"]

1. e4 e5 2. Nf3 Nc6 3. Bb5 a6 4. Bxc6 dxc6 5. O-O f6 6. d4 exd4 7. Nxd4 c5 8.
Nb3 Qxd1 9. Rxd1 Bd6 10. Na5 Bg4 11. f3 O-O-O 12. e5 Bxf3 13. gxf3 fxe5 14. Nc3
Nf6 15. Be3 e4 16. Nxe4 Nxe4 17. fxe4 Rde8 18. Nc4 Bxh2+ 19. Kxh2 Rxe4 20. b3
b5 21. Bxc5 Re2+ 22. Kg3 bxc4 23. c3 Rhe8 24. b4 h5 25. Rh1 g6 26. Rh4 Kb7 27.
a4 Rd2 28. Rd4 Rc2 29. Rxc4 g5 30. Rh1 h4+ 31. Kg4 Rg2+ 32. Kf5 Rg3 33. a5 h3
34. Rh2 Rh8 35. Rg4 Rxc3 36. Rxg5 Rh7 37. Rg6 Rb3 38. Re6 Rf3+ 39. Ke4 Rb3 40.
Kd5 Rg3 41. Re3 Rg5+ 42. Kc4 Rgh5 43. Kb3 R7h6 44. Ka4 Rh7 45. Rc3 Rh4 46. Bf2
R4h5 47. Bg3 Rg5 48. Kb3 Kc8 49. Rh1 Kb7 50. Rhc1 c5 51. bxc5 Kc6 52. Bd6 h2
53. Rh1 Rgh5 54. Rc2 Rh3+ 55. Kb2 R7h5 56. Kc1 R3h4 57. Rb2 Kd5 58. Kb1 Kc6 59.
Rb6+ Kd5 60. Rxa6 Rb4+ 61. Kc1 Rc4+ 62. Kb2 Rg4 63. Rb6 Rg1 64. Rxh2 Rxh2+ 65.
Bxh2 Rg2+ 66. Kb3 Rxh2 67. a6 Rh1 68. Rb4 Rb1+ 69. Ka4 1-0

[Event "11th Philadelphia International"]
[Site "Philadelphia, PA"]
[Date "2017.06.27"]
[Round "6.5"]
[White "Becerra, Julio"]
[Black "Checa, Nicolas"]
[Result "0-1"]
[WhiteElo "2556"]
[BlackElo "2415"]
[PlyCount "136"]
[EventDate "2017.06.??"]
[EventType "swiss"]
[EventRounds "9"]
[EventCountry "USA"]

1. e4 e6 2. d4 d5 3. Nc3 Bb4 4. exd5 exd5 5. Bd3 Nf6 6. Nge2 O-O 7. O-O c6 8.
Ng3 Re8 9. Nce2 Nbd7 10. c3 Ba5 11. Bg5 h6 12. Bf4 Nf8 13. Qc2 Bc7 14. Rfe1 Bd7
15. h3 Qb8 16. Qd2 Bxf4 17. Nxf4 Qd6 18. Bc2 Rxe1+ 19. Rxe1 Re8 20. Rxe8 Nxe8
21. Qe3 g6 22. Nd3 h5 23. Ne5 Ng7 24. Nf3 Qf6 25. Bd3 Nfe6 26. Ne2 Nf8 27. Ng3
Nfe6 28. Ne5 Bc8 29. Ne2 Nf8 30. Bc2 Bf5 31. Bb3 Qe7 32. Ng4 Be6 33. Ne5 Bf5
34. c4 dxc4 35. Nxc4 Be6 36. Qd2 Nf5 37. Ne3 Nxe3 38. fxe3 Bxb3 39. axb3 Nd7
40. Qd3 Nf6 41. Nc3 Qe6 42. Nd1 Qd5 43. Nf2 Qa5 44. Qd1 Nd5 45. Qc1 f5 46. g4
Qc7 47. gxh5 Qg3+ 48. Kf1 Nxe3+ 49. Ke2 Nd5 50. Nd3 Qxh3 51. hxg6 Qh2+ 52. Kf3
Qh5+ 53. Kf2 Qh4+ 54. Ke2 Qg4+ 55. Kf1 Qf3+ 56. Nf2 Nf4 57. Qc4+ Kh8 58. d5
Qg2+ 59. Ke1 Qg1+ 60. Qf1 Qxf1+ 61. Kxf1 cxd5 62. Ke1 Kg7 63. Kd2 Kxg6 64. Ke3
Ne6 65. Nd3 Kf6 66. b4 f4+ 67. Nxf4 Nxf4 68. Kxf4 a6 0-1

[Event "11th Philadelphia International"]
[Site "Philadelphia, PA"]
[Date "2017.06.27"]
[Round "6.6"]
[White "Nolte, Rolando"]
[Black "Zhou, Jianchao"]
[Result "0-1"]
[WhiteElo "2393"]
[BlackElo "2595"]
[PlyCount "52"]
[EventDate "2017.06.??"]
[EventType "swiss"]
[EventRounds "9"]
[EventCountry "USA"]

1. e4 c5 2. Nf3 e6 3. d4 cxd4 4. Nxd4 a6 5. Nc3 Qc7 6. Bd3 Nf6 7. O-O Be7 8.
Qe2 d6 9. Kh1 Nbd7 10. f4 O-O 11. Bd2 Nc5 12. b4 Nxd3 13. cxd3 e5 14. Nb3 Be6
15. Rac1 exf4 16. Nd5 Qd8 17. Nxf4 Rc8 18. Nd4 Qd7 19. a3 Bd8 20. h3 Bb6 21.
Be3 Rxc1 22. Rxc1 Rc8 23. Qb2 Rxc1+ 24. Qxc1 Bd8 25. Qc2 h6 26. g4 Ne8 0-1